| 000 | 00750nam a2200229 i 4500 | ||
|---|---|---|---|
| 001 | C2-0072656 | ||
| 003 | PPAK | ||
| 005 | 20190630222216.0 | ||
| 008 | 970429s1971 -hk |||| ||||| | eng d | ||
| 040 |
_aPPAK _beng _cPPAK _erda |
||
| 082 | 0 | 4 |
_a338.959 _223 |
| 090 | 0 | 0 |
_a338.959 _bDEV _dKIH |
| 245 | 0 | 0 |
_aDevelopment in southeast Asia : _bissues and dilemmas |
| 264 | 1 |
_aHong Kong : _bSoutheast Asia Social Science Association , _c1971 |
|
| 300 |
_avii, 186 pages ; _c23 cm |
||
| 336 |
_2rdacontent _atext |
||
| 337 |
_2rdamedia _aunmediated |
||
| 338 |
_2rdacarrier _avolume |
||
| 500 | _aPapers presented at an Academic Conference, 26-29 Oct. 1971, Hong Kong | ||
| 650 | 1 | 0 | _aAsia, Southeastern - Economic conditions - Congresses |
| 942 |
_ddc _cB |
||
| 999 |
_c9561 _d9561 |
||